000 00974nas a2200313 4500
001 BR2010003669
003 BR-BrBNA
005 20231205114614.0
007 ta
008 230509b bl.|||p| |||| 00| 00por d
040 _aBR-BrBNA
_bpor
_cBiblioteca Nacional de Agricultura
041 _a(Pt)
072 _aF07; N20
100 1 _aModolo, A.J.
100 1 _aTrogello, E.
100 1 _aNunes, A.L.
100 1 _aFernandes, H.C.
100 1 _aSilveira, J.C.M. da
100 1 _aDambrós, M.P.
245 1 _aEfeito de cargas alicadas e profundidades de semeadura no desenvolvimento da cultura do feijão em sistema plantio direto
650 _aMECANIZAÇÃO AGRÍCOLA
650 _aSEMEADURA
650 _aFEIJÃO
650 _aPLANTIO DIRETO
650 _aRENDIMENTO
773 0 _tCiência e Agrotecnologia (Brazil)
_xISSN 1413-7054
_g(May-Jun 2010), v. 34(3) p. 739-745
_wBR2010003669
909 _a202311
_bLúcia
_c55
_dLúcia Elande
942 _2AGRIS
_n0
_cANA
999 _c209532
_d209532